Problémy vnútropodnikového riadenia a podnikové hospodárenie Drevoindustria š.p. Žilina záverečná práca postgraduálneho štúdia

Enregistré dans:
Détails bibliographiques
Auteur principal: Kiša, Peter
Collectivité auteur: Vysoká škola ekonomická v Bratislave
Autres auteurs: Hamalová, Marta
Format: Livre
Langue:slovaque
Publié: Bratislava 1990
Tags: Ajouter un tag
Pas de tags, Soyez le premier à ajouter un tag!

MARC

LEADER 00000nam a2200000 4500
001 c033696
005 20230116121639.0
041 0 |a slo 
044 |a SK 
245 1 0 |a Problémy vnútropodnikového riadenia a podnikové hospodárenie Drevoindustria š.p. Žilina  |b záverečná práca postgraduálneho štúdia  |c Peter Kiša ; Ved. práce Marta Hamalová 
264 1 |a Bratislava  |c 1990 
300 |a 46 s. 
100 1 |a Kiša, Peter 
700 1 |a Hamalová, Marta 
710 2 |a Vysoká škola ekonomická v Bratislave